Derevni͡a Mordovii v nachale 1930-kh godov : kollektivizat͡sii͡a, repressii, golod /
Saved in:
| Main Author: | |
|---|---|
| Format: | Book |
| Language: | Russian |
| Published: |
Saransk :
Mordovskiĭ gos. pedagog. in-t,
2004.
|
| Subjects: | |
| Tags: |
Add Tag
No Tags, Be the first to tag this record!
|
| LEADER | 02029nam a2200385 a 4500 | ||
|---|---|---|---|
| 001 | 009768151-2 | ||
| 005 | 20060201163954.0 | ||
| 008 | 050818s2004 ru b 000 0 rusoc | ||
| 020 | |a 581560173X | ||
| 035 | 0 | |a ocm61285882 | |
| 040 | |a GZM |c GZM | ||
| 041 | 0 | |a rus |b eng | |
| 042 | |a pcc | ||
| 043 | |a e-ru--- | ||
| 050 | 4 | |a HD1492.R92 |b M66 2004 | |
| 100 | 1 | |6 880-01 |a Nadʹkin, T. D. | |
| 245 | 1 | 0 | |6 880-02 |a Derevni͡a Mordovii v nachale 1930-kh godov : |b kollektivizat͡sii͡a, repressii, golod / |c T.D. Nadʹkin. |
| 246 | 3 | |6 880-03 |a Derevni͡a Mordovii v nachale tysi͡acha devi͡atʹsot tridt͡satykh godov | |
| 260 | |6 880-04 |a Saransk : |b Mordovskiĭ gos. pedagog. in-t, |c 2004. | ||
| 300 | |a 77 p. : |b tables ; |c 22 cm. | ||
| 500 | |6 880-05 |a At head of title: Federalʹnoe agentstvo po obrazovanii͡u. Mordovskiĭ gosudarstvennyĭ pedagogicheskiĭ institut im. M.E. Evsevʹeva. | ||
| 546 | |a Summary in English. | ||
| 500 | |6 880-06 |a "Nauchnoe izdanie"--Colophon. | ||
| 504 | |a Includes bibliographical references. | ||
| 650 | 0 | |a Collectivization of agriculture |z Russia (Federation) |z Mordovii͡a. | |
| 651 | 0 | |a Mordovii͡a (Russia) |x History. | |
| 650 | 0 | |a Peasants |z Russia (Federation) |z Mordovii͡a |x History. | |
| 880 | 1 | |6 100-01 |a Надькин, Т. Д. | |
| 880 | 1 | 0 | |6 245-02 |a Деревня Мордовии в начале 1930-х годов : |b коллективизация, репрессии, голод / |c Т.Д. Надькин. |
| 880 | 3 | |6 246-03 |a Деревня Мордовии в начале тысяча девятьсот тридцатых годов | |
| 880 | |6 260-04 |a Саранск : |b Мордовский гос. педагог. ин-т, |c 2004. | ||
| 880 | |6 500-05 |a At head of title: Федеральное агентство по образованию. Мордовский государственный педагогический институт им. М.Е. Евсевьева. | ||
| 880 | |6 500-06 |a "Научное издание"--Colophon. | ||
| 988 | |a 20050930 | ||
| 906 | |0 OCLC | ||


